<?xml version="1.0" encoding="UTF-8"?>
<record
    xmlns:xsi="http://www.w3.org/2001/XMLSchema-instance"
    xsi:schemaLocation="http://www.loc.gov/MARC21/slim http://www.loc.gov/standards/marcxml/schema/MARC21slim.xsd"
    xmlns="http://www.loc.gov/MARC21/slim">

  <leader>02060nam a22002657a 4500</leader>
  <datafield tag="999" ind1=" " ind2=" ">
    <subfield code="c">8840</subfield>
    <subfield code="d">8840</subfield>
  </datafield>
  <controlfield tag="001">WIIW0000169</controlfield>
  <controlfield tag="003">OSt</controlfield>
  <controlfield tag="005">20190802143607.0</controlfield>
  <controlfield tag="006">a|||||q|||||00| 0 </controlfield>
  <controlfield tag="007">c| ||||||||</controlfield>
  <controlfield tag="008">190802t2018       |||||q|||||00| 0 eng d</controlfield>
  <datafield tag="020" ind1=" " ind2=" ">
    <subfield code="a">978-1-4920-3871-9</subfield>
  </datafield>
  <datafield tag="040" ind1=" " ind2=" ">
    <subfield code="c">OSt</subfield>
  </datafield>
  <datafield tag="041" ind1=" " ind2=" ">
    <subfield code="a">eng</subfield>
  </datafield>
  <datafield tag="100" ind1="1" ind2=" ">
    <subfield code="a">Malaska, Ted</subfield>
    <subfield code="4">aut</subfield>
  </datafield>
  <datafield tag="245" ind1="1" ind2="0">
    <subfield code="a">Foundations for architecting data solutions.</subfield>
    <subfield code="b">Managing successful data projects</subfield>
  </datafield>
  <datafield tag="250" ind1=" " ind2=" ">
    <subfield code="a">First edition</subfield>
  </datafield>
  <datafield tag="260" ind1="1" ind2=" ">
    <subfield code="a">Beijing</subfield>
    <subfield code="a">Boston</subfield>
    <subfield code="a">Farnham</subfield>
    <subfield code="a">Sebastopol</subfield>
    <subfield code="a">Tokyo</subfield>
    <subfield code="b">O'Reilly</subfield>
    <subfield code="c">September 2018</subfield>
  </datafield>
  <datafield tag="300" ind1=" " ind2=" ">
    <subfield code="a">XII, 173 S.</subfield>
  </datafield>
  <datafield tag="500" ind1=" " ind2=" ">
    <subfield code="a">Includes index.</subfield>
  </datafield>
  <datafield tag="520" ind1=" " ind2=" ">
    <subfield code="a">While many companies ponder implementation details such as distributed processing engines and algorithms for data analysis, this practical book takes a much wider view of big data development, starting with initial planning and moving diligently toward execution. Authors Ted Malaska and Jonathan Seidman guide you through the major components necessary to start, architect, and develop successful big data projects. Everyone from CIOs and COOs to lead architects and developers will explore a variety of big data architectures and applications, from massive data pipelines to web-scale applications. Each chapter addresses a piece of the software development life cycle and identifies patterns to maximize long-term success throughout the life of your project. Start the planning process by considering the key data project types. Use guidelines to evaluate and select data management solutions. Reduce risk related to technology, your team, and vague requirements. Explore system interface design using APIs, REST, and pub/sub systems. Choose the right distributed storage system for your big data system. Plan and implement metadata collections for your data architectureUse data pipelines to ensure data integrity from source to final storage. Evaluate the attributes of various engines for processing the data you collect.</subfield>
  </datafield>
  <datafield tag="650" ind1=" " ind2=" ">
    <subfield code="a">Data Analyses &amp; Machine Learning</subfield>
  </datafield>
  <datafield tag="700" ind1="1" ind2=" ">
    <subfield code="a">Seidman, Jonathan</subfield>
    <subfield code="4">aut</subfield>
  </datafield>
  <datafield tag="942" ind1=" " ind2=" ">
    <subfield code="c">E</subfield>
  </datafield>
  <datafield tag="952" ind1=" " ind2=" ">
    <subfield code="0">0</subfield>
    <subfield code="1">0</subfield>
    <subfield code="4">0</subfield>
    <subfield code="7">0</subfield>
    <subfield code="a">BIB</subfield>
    <subfield code="b">BIB</subfield>
    <subfield code="c">5</subfield>
    <subfield code="d">2019-08-02</subfield>
    <subfield code="l">0</subfield>
    <subfield code="r">2019-08-02 00:00:00</subfield>
    <subfield code="w">2019-08-02</subfield>
    <subfield code="y">E</subfield>
  </datafield>
</record>
